Ein Quiz um Covid-19 zu vergessen - Statistiken

Allgemein
  • Dieses Quiz wurde 63 mal gespielt
  • Das Durchschnittsergebnis liegt bei 4 aus 10
Antwortstatistiken
Frage Antwort % Korrekt
Wie heißt das Königreich, indem Rapunzel neu verföhnt spielt? Corona
90%
Wie heißt die Sängerin, die "The Rhythm of the Night" gesungen hat? Corona
88%
Wie heißt der Umriss der Sonne? Korona
63%
Wie heißt eine bestimmte Bier Marke aus Mexiko? Corona Extra
29%
Wie heißt ein bestimmter Ortsteil in Passau, Bayern? Korona
25%
Wie heißt der Vulkan in Super Mario Sunshine? Collina Korona
23%
Wie heißt Nias Technik in Xenoblade 2, die das gesamte Team heilt? Heilende Korona
19%
Wie nennt man ein Rehasport für Kardial erkrankten Menschen? Coronarsport
17%
Wie hieß die Sonneneruption, die 2012 die Erde vernichten sollte? Koronaler Massenauswurf
17%
Wie heißt der Mittelklasse Wagen der Marke Toyota? Toyota Corona
17%
Keine übereinstimmenden Quizze gefunden
Verteilung der Resultate
Anzahl Personen mit jedem Resultat
Perzentil nach korrekt beantworteten Fragen
Ihre Resultats-Entwicklung
Sie haben dieses Quiz noch nicht gespielt